Zamyšlení nad vztahem ceny - mzdy.

Zmena vzťahu medzi dopytom a ponukou sprevádzaná poklesom výroby. Rast životných nákladov v dôsledku rastu cien. Pokles reálnych miezd. Príčina poklesu dopytu - disproporcia medzi rastom miezd a príjmov obyvateľstva. Pokles mzdových nákladov. Zníženie motivačného pôsobenia mzdy. Zvýšený minimálny dô...

ver descrição completa

Na minha lista:
Detalhes bibliográficos
Autor principal: Motl, J.
Formato: Capítulo de Livro
Idioma:tcheco
Assuntos:
Tags: Adicionar Tag
Sem tags, seja o primeiro a adicionar uma tag!

MARC

LEADER 00000naa a2200000 4500
001 r007548
005 20221125081055.9
041 0 |a cze 
044 |a [CS] 
245 1 0 |a Zamyšlení nad vztahem ceny - mzdy.  |c J. Motl 
520 |a Zmena vzťahu medzi dopytom a ponukou sprevádzaná poklesom výroby. Rast životných nákladov v dôsledku rastu cien. Pokles reálnych miezd. Príčina poklesu dopytu - disproporcia medzi rastom miezd a príjmov obyvateľstva. Pokles mzdových nákladov. Zníženie motivačného pôsobenia mzdy. Zvýšený minimálny dôchodok a životné potreby. 
610 2 0 |a ceny 
610 2 0 |a mzdy 
610 2 0 |a dopyt 
610 2 0 |a ponuka 
610 2 0 |a náklady životné 
610 2 0 |a zvyšovanie cien 
610 2 0 |a mzdy reálne 
610 2 0 |a príjmy obyvateľstva 
610 2 0 |a náklady mzdové 
610 2 0 |a motivácia 
610 2 0 |a dôchodky starobné 
100 1 |a Motl, J.